| 000 | 01003nam a22002057a 4500 | ||
|---|---|---|---|
| 001 | HIN-125850 | ||
| 003 | dpl | ||
| 005 | 20230911122613.0 | ||
| 008 | 230906b |||||||| |||| 00| 0 eng d | ||
| 010 | _aHN-98196 | ||
| 040 | _cDBAD/PUB | ||
| 082 |
_2 षष्ठ संस्करण 2016 _a181.45 |
||
| 100 |
_aसरस्वतीजी, अखण्डानन्द _956090 |
||
| 245 |
_aवेदान्त-बोध/ _hहिंदी _cअखण्डानन्द सरस्वतीजी और संपादक विष्णु |
||
| 250 | _aषष्ठ संस्करण | ||
| 260 |
_a'विपुल' 28/16 बी. जी. खेरमार्ग मालावार हिल मुंबई - 400006 _bसत्साहित्य प्रकाशन ट्रस्ट _c2016 |
||
| 300 |
_a521 प. _c21सेमी (अजिल्द) |
||
| 700 |
_956009 _aविष्णु _eसंपादक |
||
| 942 |
_2ddc _cHN _h181.45 _mसरस |
||
| 999 |
_c197946 _d197946 |
||